000
00183 a2200097 4500
020
_a
9780395816585
041
_a
eng
100
_a
Shaw,Nancy
245
_a
Sheep take a hike
942
_c
BK
999
_c
8820
_d
8820